Carta a Meneceo y máximas capitales /

Introducción breve al pensamiento filosófico de Epicuro, en el que se contextualiza históricamente y se expone su obra en relación con la de Platón y con la ética (teoría del placer).

Spremljeno u:
Bibliografski detalji
Glavni autor: Epicuro (autor)
Format: Knjiga
Jezik:španjolski
Izdano: Madrid, España : Alhambra, 1985, c1985
Serija:(Clásicos del Pensamiento ; 6)
Teme:
Oznake: Dodaj oznaku
Bez oznaka, Budi prvi tko označuje ovaj zapis!

MARC

LEADER 00000nam^a2200000^a^4500
001 000000912
005 20250521000000.0
009 20260310083048.413
020 |a 84-205-1126-9 
037 |a Acervo ITESO - Biblioteca 
041 |a ESP 
082 |a 187.  |b EPI 
100 |a Epicuro  |e (autor) 
245 1 0 |a Carta a Meneceo y máximas capitales /  |c Epicuro ; ed. y material didáctico de Rafael Ojeda y Alicia Olabuenaga. 
264 4 |a Madrid, España :  |b Alhambra,  |c 1985, c1985 
300 |a 74 p. 
336 |a texto  |b txt  |2 rdacontenido 
337 |a sin mediación  |b n  |2 rdamedio 
338 |a volumen  |b nc  |2 rdasoporte 
440 1 |a (Clásicos del Pensamiento ;  |v 6) 
520 |a Introducción breve al pensamiento filosófico de Epicuro, en el que se contextualiza históricamente y se expone su obra en relación con la de Platón y con la ética (teoría del placer). 
649 |a XX 
650 |a Helenistas 
650 |a Filosofía Clásica 
910 |a Fondo General 
920 |a Impresos - Libros 
930 |a Colección General 
905 |a 101 
901 |a 0009120100  |b IT1  |c ACC  |i 000912  |u 20250521 
902 |a https://opac.biblio.iteso.mx/vufind/Record/000000912